000 01153cam a22002771i 4500
003 SA-RiAUC
005 20251019134642.0
008 250910s2012 su g f000 0 ara c
020 _a9786144043233
040 _aSA-JeALM
_bara
_cSA-RiAUC
_erda
082 0 4 _a810.99
_qSA-RiAUC
090 _a810.99
_bا ب ر
100 1 _aإبراهيم، عبد الله،
_d1957-
_eمؤلف.
245 1 2 _aالسرد والترجمة :
_bكذب أبيض وغش سردي وسوء تأويل /
_cعبد الله إبراهيم.
250 _aالطبعة الأولى.
264 1 _aمكة المكرمة :
_aبيروت :
_bنادي مكة الأدبي ؛
_bمؤسسة الانتشار العربي،
_c2012
300 _a128 صفحة ؛
_c20 سم
336 _aنص
_btxt
_2rdacontent
_3كتاب
337 _aبدون وسيط
_bn
_2rdamedia
338 _aمجلد
_bnc
_2rdacarrier
650 7 _aالأدب العربي
_zالمغرب
_xتاريخ ونقد
_yقرن 20
_2aucsh
650 7 _aالسرد الأدبي
_zالمغرب
_yقرن 20
_2aucsh
650 7 _aالأدب
_xترجمة
_2aucsh
942 _2ddc
_cBOOK
_n0
949 _aSA-JeALM
_d250910
_umohamedma123
_n1
999 _c12596
_d12596